Culture Générale - Clic Quiz - La réponse est en image #2 - Statistiques

Statistiques générales
  • Ce quiz a été pris 1 070 fois
  • Le résultat moyen est 28 sur 40
Statistiques - réponses
Hint Réponse % Correct
Le Monopoly
92%
Pacman
92%
Une crème brûlée
92%
Un buffle
92%
Victor Hugo
91%
Un coyote
89%
Une biche
88%
Un tiramisu
88%
Michou
87%
Playboy
84%
Ludwig van Beethoven
83%
Mars
82%
Marion Maréchal
81%
Une antilope
81%
Jupiter
81%
Un Mont-blanc
78%
L'album The Dark Side of the Moon de Pink Floyd
75%
L'album Nevermind de Nirvana
75%
Turkménistan
72%
Laura Laune
71%
Le film un indien dans la ville
71%
Un clafoutis
71%
Bahrein
69%
Letizia d'Espagne
66%
Uranus
63%
Le film Get Out
62%
Le film le dernier des mohicans
62%
Blanche Gardin
62%
Nauru
61%
L'album Absolution de Muse
58%
The Undertaker
58%
Alain Soral
57%
Pluton
56%
Magnus Carlsen
53%
Louis-Ferdinand Céline
51%
L'album Post de Björk
50%
Vanuatu
48%
Le film Signs
42%
Marc-Édouard Nabe
32%
Peter Wright
18%
Aucun quiz correspondant
Distribution des résultats
% des personnes avec chaque résultat
Percentile par nombre de réponses
Votre historique - résultats
Vous n’avez pas pris ce quiz